Invariant Subspaces / (Record no. 15467)

MARC details
000 -LEADER
fixed length control field 01500cam a2200361 i 4500
001 - CONTROL NUMBER
control field 13088215
003 - CONTROL NUMBER IDENTIFIER
control field EG-ScBUE
005 - DATE AND TIME OF LATEST TRANSACTION
control field 20241017094350.0
008 - FIXED-LENGTH DATA ELEMENTS--GENERAL INFORMATION
fixed length control field 030211r20031973nyu f b 001 0 eng d
020 ## - INTERNATIONAL STANDARD BOOK NUMBER
International Standard Book Number 0486428222 (pbk.)
020 ## - INTERNATIONAL STANDARD BOOK NUMBER
International Standard Book Number 9780486428222 (pbk.)
040 ## - CATALOGING SOURCE
Original cataloging agency DLC
Language of cataloging eng
Description conventions rda
Transcribing agency DLC
Modifying agency DLC
-- EG-ScBUE
082 04 - DEWEY DECIMAL CLASSIFICATION NUMBER
Classification number 515.733
Edition number 22
Item number RAD
100 1# - MAIN ENTRY--PERSONAL NAME
Personal name Radjavi, Heydar,
Relator term author.
9 (RLIN) 24418
245 10 - TITLE STATEMENT
Title Invariant Subspaces /
Statement of responsibility, etc Heydar Radjavi, Department of Mathematics and Statistics, Dalhousie University, Peter Rosenthal, Department of Mathematics, University of Toronto.
250 ## - EDITION STATEMENT
Edition statement Second edition.
264 ## - PUBLICATION, DISTRIBUTION, ETC. (IMPRINT)
Place of publication, distribution, etc Mineola, New York :
Name of publisher, distributor, etc Dover Publications,
Date of publication, distribution, etc 2003.
300 ## - PHYSICAL DESCRIPTION
Extent xi, 248 pages ;
Dimensions 22 cm
336 ## - CONTENT TYPE
Source rdacontent
Content type term text
Content type code txt
337 ## - MEDIA TYPE
Media type term unmediated
Source rdamedia
Media type code n
338 ## - CARRIER TYPE
Carrier type term volume
Carrier type code nc
Source rdacarrier
504 ## - BIBLIOGRAPHY, ETC. NOTE
Bibliography, etc Includes bibliographical references and index.
650 #7 - SUBJECT ADDED ENTRY--TOPICAL TERM
Topical term or geographic name as entry element Hilbert space.
Source of heading or term BUEsh
9 (RLIN) 24419
650 #7 - SUBJECT ADDED ENTRY--TOPICAL TERM
Topical term or geographic name as entry element Operator algebras.
Source of heading or term BUEsh
9 (RLIN) 24420
650 #7 - SUBJECT ADDED ENTRY--TOPICAL TERM
Topical term or geographic name as entry element Invariant subspaces.
Source of heading or term BUEsh
9 (RLIN) 24421
653 ## - INDEX TERM--UNCONTROLLED
Arrived date list May2011
655 ## - INDEX TERM--GENRE/FORM
Form subdivision Reading book
700 1# - ADDED ENTRY--PERSONAL NAME
Personal name Rosenthal, Peter,
Dates associated with a name 1941-
Relator term author.
9 (RLIN) 24422
856 42 - ELECTRONIC LOCATION AND ACCESS
Materials specified Publisher description
Uniform Resource Identifier <a href="http://www.loc.gov/catdir/description/dover033/2003043828.html">http://www.loc.gov/catdir/description/dover033/2003043828.html</a>
856 41 - ELECTRONIC LOCATION AND ACCESS
Materials specified Table of contents
Uniform Resource Identifier <a href="http://www.loc.gov/catdir/toc/dover031/2003043828.html">http://www.loc.gov/catdir/toc/dover031/2003043828.html</a>
942 ## - ADDED ENTRY ELEMENTS (KOHA)
Source of classification or shelving scheme Dewey Decimal Classification
Koha item type Book - Borrowing
Holdings
Withdrawn status Lost status Source of classification or shelving scheme Damaged status Not for loan Collection code Home library Current library Shelving location Date acquired Source of acquisition Cost, normal purchase price Serial Enumeration / chronology Total Checkouts Full call number Barcode Date last seen Price effective from Koha item type
    Dewey Decimal Classification     Baccah Central Library Central Library First floor 30/05/2011 Purchase 166.00 12334   515.733 RAD 000023792 15/07/2025 30/05/2011 Book - Borrowing